| 000 | 00550nam a2200217 i 4500 | ||
|---|---|---|---|
| 001 | bgj | ||
| 100 | 1 | _aPLACK, Arno. | |
| 245 | 1 | 0 |
_aDie Gesellschaft und das Böse : _beine Kritik der herrschenden Moral / _cArno Plack. |
| 260 |
_aMünchen : _bPaul List Verlag, _c1971. |
||
| 300 |
_a430 s. ; _c21 cm. |
||
| 504 | _aIndeks. | ||
| 650 | 9 | _aNauki społeczne | |
| 020 | _a3471665153 | ||
| 040 | _cBPK | ||
| 041 | 0 | _ager | |
| 044 | _aDEU | ||
| 080 | _a3 | ||
| 920 | _a3-471-66515-3 | ||
| 942 | _cKS | ||
| 008 | s gw f |000 0 ger | ||
| 999 |
_c50727 _d50727 |
||
| 856 |
_uhttp://koha.tu.koszalin.pl/cgi-bin/koha/opac-detail.pl?biblionumber=50727 _yKatalog online BPK |
||